• 首页
  • 本馆介绍
  • 公告通知
  • 最新文献
  • 馆藏检索
  • 电子资源
  • 读者导购
  • 参考咨询
  • 我的图书馆
  • 登录
  • 详细信息显示
  • 放入我的书架
  • 预约/预借图书
  • 作者相关作品
  • 分类相关作品
  • 丛书相关作品
  • 出版社相关作品

书目信息

  • 表格格式
  • 工作单格式
  • 卡片格式
题名:
冷眼读人性
    
 
作者: 韩垒 著
分册:  
出版信息: 延吉   延边大学出版社  2016
页数: 247页
开本: 21cm
丛书名:
单 册:
中图分类: B82-061
科图分类:
主题词: 人性论--ren xing lun--通俗读物
电子资源:
ISBN: 978-7-5688-0721-0
000 00785nam0 22002291 450
001 0102164936
005 20170502164936.0
010    @a978-7-5688-0721-0@dCNY35.00
100    @a20161122d2016 em y0chiy50 ea
101 0  @achi
102    @aCN@b220000
105    @ay z 000yy
106    @ar
200 1  @a冷眼读人性@9leng yan du ren xing@f韩垒著
210    @a延吉@c延边大学出版社@d2016
215    @a247页@d21cm
330    @a本书通过丰富且真实生动的案例以及一针见血的有力评述,告诉读者如何快速看透交往的对象,并出色地运用语言或非语言沟通技巧,在社交场合上左右逢源,最终成为拥有超强人气的人际关系大赢家。
606 0  @a人性论@9ren xing lun@j通俗读物
690    @aB82-061@v5
701  0 @a韩垒@9han lei@4著
801  0 @aCN@b百万庄@c20170308
905    @b1003294-9@dB82-061@e705@f6
    
    冷眼读人性/韩垒著.-延吉:延边大学出版社,2016
    247页;21cm
    
    
    ISBN 978-7-5688-0721-0:CNY35.00
    本书通过丰富且真实生动的案例以及一针见血的有力评述,告诉读者如何快速看透交往的对象,并出色地运用语言或非语言沟通技巧,在社交场合上左右逢源,最终成为拥有超强人气的人际关系大赢家。
●
相关链接 在E读中查询图书 在五车中查询图书 在当当中查询图书 在豆瓣中查询图书


正题名:冷眼读人性     索取号:B82-061/705         预约/预借

序号 登录号 条形码 馆藏地/架位号 状态 备注
1 1003294   210032944   第一样本阅览室/ [索取号:B82-061/705] 在馆    
2 1003295   210032953   教育系资料室/ [索取号:B82-061/705] 在馆    
3 1003296   210032962   教育系资料室/ [索取号:B82-061/705] 在馆    
4 1003297   210032971   教育系资料室/ [索取号:B82-061/705] 在馆    
5 1003298   210032980   第一借阅区/ [索取号:B82-061/705] 在馆    
6 1003299   210032999   第一借阅区/ [索取号:B82-061/705] 在馆    
唐山师范学院图书馆 欢迎您!
大连网信软件有限公司© 版权所有